[Event "BCF-ch U12 rapid"]
[Site "Hull"]
[Date "2024.07.27"]
[Round "9"]
[White "Eru, Hugo"]
[Black "Dearing, Alexander"]
[Result "1-0"]
[WhiteElo "1414"]
[BlackElo "1040"]
[PlyCount "37"]
[EventDate "2024.07.26"]
[EventType "swiss (rapid)"]
[EventRounds "9"]
[EventCountry "ENG"]
[SourceTitle "CBM 221 Extra"]
[Source "ChessBase"]
[SourceDate "2024.09.30"]
[SourceVersion "1"]
[SourceVersionDate "2024.09.30"]
[SourceQuality "1"]

1. e4 e5 2. Nf3 Nc6 3. Bc4 Bc5 4. 0-0 Nf6 5. d3 0-0 6. Bg5 h6 7. Bh4 d6 8. Nc3 Qd7 9. Bxf6 gxf6 10. Nd5 f5 11. Nf6+ Kg7 12. Nxd7 Bxd7 13. exf5 Bxf5 14. Nh4 Bd7 15. c3 Rfe8 16. Qf3 f6 17. Qg3+ Kh7 18. Qg6+ Kh8 19. Qxh6# 1-0

[Event "BCF-ch U12 blitz"]
[Site "Hull"]
[Date "2024.07.25"]
[Round "7"]
[White "Shiva, Shrishti"]
[Black "Eru, Hugo"]
[Result "0-1"]
[WhiteElo "1571"]
[BlackElo "1414"]
[PlyCount "87"]
[EventDate "2024.07.25"]
[EventType "swiss (blitz)"]
[EventRounds "9"]
[EventCountry "ENG"]
[SourceTitle "CBM 221 Extra"]
[Source "ChessBase"]
[SourceDate "2024.09.30"]
[SourceVersion "1"]
[SourceVersionDate "2024.09.30"]
[SourceQuality "1"]

1. e4 c5 2. Nf3 Nc6 3. d4 cxd4 4. Nxd4 d6 5. Nc3 Nf6 6. Be3 g6 7. Bb5 Bd7 8. 0-0 Bg7 9. Nb3 0-0 10. h3 a6 11. Bd3 Ne5 12. Qd2 Bxh3 13. f4 Nxd3 14. Qxd3 Be6 15. f5 Bd7 16. Rab1 b5 17. Nd5 Nxd5 18. Qxd5 e6 19. Qxd6 Qc8 20. f6 Bh8 21. Bh6 Re8 22. c3 Bc6 23. Qf4 Qb7 24. Rbe1 e5 25. Qf3 Qb6+ 26. Be3 Qc7 27. Bh6 Re6 28. Bg5 Rd8 29. Nc5 Ree8 30. Nxa6 Qb6+ 31. Kh2 Qxa6 32. Bh6 Qxa2 33. Rf2 Qe6 34. Ref1 b4 35. Bg5 Bb5 36. Re1 bxc3 37. bxc3 Bc4 38. Bh6 Rd3 39. Qe2 Rh3+ 40. gxh3 Bxe2 41. Rfxe2 Qxf6 42. Kg2 Qc6 43. Re3 Bf6 44. Kh2 0-1